000 00394nam a22001457a 4500
005 20200617154218.0
008 200617b xxu||||| |||| 00| 0 eng d
082 _a345.4 AIR
110 _aALL INDIA REPORTER
_96157
245 _aALL INDIA REPORTER [1996] [VOL-83] RAJASTHAN SECTION
260 _aMUMBAI
_bALL INDIA REPORTER, PVT. LTD.
300 _a172;p
650 _aLAW
_95701
942 _cJRL
999 _c7210
_d7208